Albert Škavran - prvý slovenský disident? Rozhovor s autorom a režisérom filmu Albert, Albert Jarom Rihákom

Bibliographic Details
Main Authors: Rihák, Jaroslav, 1951- (Author), -ll- (Author)
Format: Article
Language:Slovak
Subjects:

MARC

LEADER 00000nab a2200000 a 4500
001 vtls000602766
003 SK-MaSNL
005 20260304034226.0
008 160322c1996 xo 0 slo
015 |a SNBRB19rr/mm-uuuuu 
035 |a CL0602905 
040 |a SNKBUCL  |b slo  |c SNKBUCL  |e AACR2 
041 0 |a slo 
044 |a xo  |c SK 
080 |a 301.16  |2 1981 
080 |a 61-051  |2 1981 
080 |a 929 Škavran, Albert  |2 1981 
100 1 |a Rihák, Jaroslav,  |d 1951-  |4 aut  |9 217736 
245 1 0 |a Albert Škavran - prvý slovenský disident?  |b Rozhovor s autorom a režisérom filmu Albert, Albert Jarom Rihákom  |c Jaro Rihák, -ll- 
600 1 7 |a Škavrán, Albert,  |d 1869-1926  |2 snkbucl  |9 631032 
600 1 7 |a Rihák, Jaroslav,  |d 1951-  |2 snkbucl  |9 217736 
655 7 |a články z novín a časopisov  |2 snkbucl  |9 267496 
700 1 |a -ll-  |4 aut  |9 959845 
773 0 |t Listy  |g Roč. 9, č. 1 (1996), s. 18-19 
850 |a Slovenská národná knižnica v Martine  |a MTA001 
852 |a SNK  |b KIS3GCP 
958 |a SK 
958 |a BX 
958 |a ME 
958 |a RK 
958 |a RBX 
999 |c 2652018  |d 2653948